Descontaminación de Aguas Servidas en la Actividad Agropecuaria : (Registro nro. 8863)

Detalles MARC
000 -CABECERA
Campo de control 00944nam a22002177a 4500
005 - FECHA Y HORA DE LA ULTIMA TRANSACCION
Campo de control 20141204091724.0
008 - ELEMENTOS DE LONGITUD FIJA—INFORMACION GENERAL
Campo de control 141203b1998 ck Il. |r|||| 00| 0 spa d
040 ## - FUENTE DE CATALOGACIÓN
Agencia transcriptora CO-BoIH
041 ## - IDIOMA
Código de idioma para texto/pista de sonido o título separado Español
090 ## - CLASIFICACIÓN LOCAL
Colección EA
Consecutivo 00186
100 1# - ASIENTO PRINCIPAL--NOMBRE PERSONAL
Nombre personal Pedraza-Ordoñez, Gloria Ximena
245 1# - MENCION DE TITULO
Título Descontaminación de Aguas Servidas en la Actividad Agropecuaria :
Parte restante del título Basado en: "Investigación, validación y promoción de sistemas integrados de descontaminación de aguas servidas"
Mención de responsabilidad Gloria Ximena, Pedraza-Ordoñez... (et al.)
260 ## - PUBLICACION, DISTRIBUCION, ETC. (PIE DE IMPRENTA)
Lugar de publicación, distribución, etc. Cali :
Nombre del editor, distribuidor, etc. Fundación CIPAV,
-- Ecofondo,
-- Colciencias,
Fecha de publicación, distribución, etc. 1998.
300 ## - DESCRIPCION FISICA
Extensión 13 pag
Otros detalles físicos Il.
Dimensiones 21 x 27 cm
504 ## - NOTA DE BIBLIOGRAFIA, ETC.
Nota de bibliografía Incluye referencias bibliográficas (pag 13)
650 ## - ASIENTO SECUNDARIO DE MATERIA - TERMINO TEMATICO
Término temático o nombre geográfico como elemento de entrada Purificación de aguas residuales.
650 ## - ASIENTO SECUNDARIO DE MATERIA - TERMINO TEMATICO
Término temático o nombre geográfico como elemento de entrada Contaminación del agua.
650 ## - ASIENTO SECUNDARIO DE MATERIA - TERMINO TEMATICO
Término temático o nombre geográfico como elemento de entrada Procesos de potabilización del agua
Subdivisión general Cálculos.
650 ## - ASIENTO SECUNDARIO DE MATERIA - TERMINO TEMATICO
Término temático o nombre geográfico como elemento de entrada Purificación del agua
Subdivisión general Cálculos.
942 ## - ELEMENTOS ADICIONALES (KOHA)
Sistema de clasificación Local
Tipo de ítem Libro
Existencias
Withdrawn status Lost status Sistema de Clasificación Damaged status No para préstamo Colección Inventariado Ubicación Permanente Ubicación actual Fecha de adquisición Valor Total Checkouts Número topográfico Inventario / Código de Barras Date last seen Ejemplar Price effective from Forma de adquisición Tipo de material
    Local     Educación Ambiental Inventariado 2017 Sala Fabio Quevedo Sala Fabio Quevedo 03/12/2014 39000.00   EA-00186 034825 03/12/2014 Ej. 1 03/12/2014   Libro